Danny, el campeón del mundo / (Registro nro. 9074)
[ vista simple ]
| 000 -LIDER | |
|---|---|
| fixed length control field | 00735nam a2200241 4500 |
| 001 - NÚMERO DE CONTROL | |
| Identificador de número de control | 02215726 |
| 003 - IDENTIFICACDOR DE NÚMERO DE CONTROL | |
| control field | DO-SdBPM |
| 005 - DATE AND TIME OF LATEST TRANSACTION | |
| control field | 20250901095843.0 |
| 008 - ELEMENTOS DE LONGITUD FIJA | |
| fixed length control field | 180119b2011 sp | 00| 0 spa d |
| 020 ## - ISBN | |
| International Standard Book Number | 9788420465005 |
| 040 ## - FUENTE DE CATALOGACIÓN | |
| Agencia que crea de manera original el registro | DO-SdBPM |
| Idioma de catalogación | spa |
| Agencia que realiza la transcripción | BPMSU |
| 082 #4 - NÚMERO DE CLASIFICACIÓN DECIMAL DE DEWEY | |
| Classification number | 823.91 |
| Item number | D131d 2011 |
| Edition number | 22 |
| 100 1# - ASIENTO PRINCIPAL -- NOMBRE PERSONAL | |
| Nombre personal | Dahl, Roald |
| Fechas asociadas con el nombre | 1916-1990. |
| 245 10 - MENCIÓN DE TITULO | |
| Título | Danny, el campeón del mundo / |
| Mención de responsabilidad | Roald Dahl ; ilustraciones de Quentin Blake |
| 260 ## - PUBLICACIÓN, DISTRIBUCIÓN, ETC. (PIE DE IMPRENTA) | |
| Lugar de publicación, distribución, etc | Madrid: |
| Nombre del editor, distribuidor, etc. | Ediciones Alfaguara, |
| Fecha de publicación, distribución, etc | 2011 |
| 300 ## - DESCRIPCIÓN FÍSICA | |
| Extensión | 195 p. : |
| Dimensiones | 21 cm. |
| 490 0# - MENCIÓN DE SERIES | |
| Mención de serie | Alfaguara juvenil |
| 590 ## - NOTA LOCAL | |
| Texto de la nota local | Inventariado, 2025/VM |
| 650 #4 - ENCABEZAMIENTO DE MATERIA--TEMÁTICO | |
| Término temático o nombre geográfico como elemento de entrada | Novela juvenil inglesa |
| Fuente del encabezamiento o término | |
| 700 1# - ASIENTO SECUNDARIO -- NOMBRE PERSONAL | |
| Nombre personal | Blake, Quentin |
| Mención de responsabilidad | ilustración |
| 910 ## - VALIDACIÓN | |
| Validación | VMateo V. Control de calidad. BPMSU |
| 942 ## - ADDED ENTRY ELEMENTS (KOHA) | |
| Source of classification or shelving scheme | Dewey Decimal Classification |
| Koha item type | Libros |
| Withdrawn status | Lost status | Source of classification or shelving scheme | Damaged status | Not for loan | Collection code | Home library | Current library | Date acquired | Source of acquisition | Total Checkouts | Full call number | Barcode | Date last seen | Price effective from | Koha item type | Copy number |
|---|---|---|---|---|---|---|---|---|---|---|---|---|---|---|---|---|
| Dewey Decimal Classification | Colección Juvenil General | Biblioteca Pública Metropolitana Salomé Ureña | Biblioteca Pública Metropolitana Salomé Ureña | 12/09/2015 | Afaguara | BPMSU CJG 823.91 D131d 2011 | BPMSU15120110 | 12/09/2015 | 12/09/2015 | Libros | ||||||
| Dewey Decimal Classification | Colección Juvenil General | Biblioteca Pública Metropolitana Salomé Ureña | Biblioteca Pública Metropolitana Salomé Ureña | 11/16/2016 | Afaguara | BPMSU CJG 823.91 D131d 2011 | BPMSU16111360 | 11/16/2016 | 11/16/2016 | Libros | e.2 | |||||
| Dewey Decimal Classification | Colección Juvenil General | Biblioteca Pública Metropolitana Salomé Ureña | Biblioteca Pública Metropolitana Salomé Ureña | 11/16/2016 | Afaguara | BPMSU CJG 823.91 D131d 2011 | BPMSU16111361 | 11/16/2016 | 11/16/2016 | Libros | e.3 |